000 00574nam a2200217Ia 4500
003 GCL
008 140319s9999 xx 000 0 eng d
040 _aGCL /
_cGCL
082 0 4 _a624.151
_bB G
100 1 _aBLYTH, F. G. H.
245 1 0 _aGEOLOGY FOR ENGINEERS /
_cBLYTH, F. G. H.
700 1 _aFREITAS, M. S.
260 _a[S.N] :
_bELBS LONGMAN ،
_c1974
300 _a325 P
650 0 4 _aالتحليل الرياضى
650 0 4 _aCIVIL ENGINEERING
650 0 4 _aOFF-SHORE ENGINEERING
650 0 4 _aGEOLOGY
650 0 4 _aMINING ENGINEERING
942 _2ddc
_cBK
999 _c19918
_d19918